000 00623nam a2200241Ia 4500
003 OSt
005 20221007100426.0
006 a|||||r|||| 00| 0
007 ta
008 221006b |||||||| |||| 00| 0 eng d
024 _a4,388
037 _cTextual
040 _aLCO
_cLCO
_beng
041 _2eng
_aeng
082 _aX:9.5, L7
100 _aCARBY-HALL J R
_9701660
245 0 _aWorker participation in Europe
260 _aLondon
_bCroom Helm
_c1977
300 _a271
650 _aWORKER PARTICIPATION
_9701661
942 _hX:9.5, L7
_cTEXL
999 _c1173951
_d1173951